000 00362nam a2200133 a 4500
005 20140414093845.0
008 090925s19uu xx 00 eng d
050 _aVCD 791.43
_bSEE 2007
100 _aCunningham, David L.
245 _aThe Seeker :
_bthe dark is rising /
_cDavid L. Cunningham.
650 _aMotion pictures.
942 _cAVM
999 _c109522
_d109522